000
00322nam a22001457a 4500
003
SGT
020
_a
9789380316772
082
_a
611.018
_b
SIN
100
_a
SINGH D.R
245
_a
ESSENTIALS OF HUMAN HISTOLOGY
260
_a
DELHI
_b
AHUJA PUB
_c
2020
300
_a
445
650
_a
HUMAN HISTOLOGY
942
_2
ddc
_c
BK
999
_c
32812
_d
32812